A családi vállalkozások és a generációváltás az agráriumban Magyarországon

Bibliographic Details
Main Author: Seiwerth Márton
Other Authors: Heidrich Prof. Dr. Balázs
Format: Thesis
Kulcsszavak:családi vállalkoás
generációváltás
agrárium
Online Access:http://dolgozattar.uni-bge.hu/22490

MARC

LEADER 00000nta a2200000 i 4500
001 dolg22490
005 20190516143016.0
008 190516suuuu hu om 000 hun d
040 |a BGE Dolgozattár Repozitórium  |b hun 
041 |a hu 
100 1 |a Seiwerth Márton 
245 1 2 |a A családi vállalkozások és a generációváltás az agráriumban Magyarországon  |c Seiwerth Márton  |h [elektronikus dokumentum] 
695 |a családi vállalkoás 
695 |a generációváltás 
695 |a agrárium 
700 1 |a Heidrich Prof. Dr. Balázs  |e ths 
856 4 0 |u http://dolgozattar.uni-bge.hu/22490/1/seiwerth_marton_szakdolgozat.pdf  |z Dokumentum-elérés